Statistics for Swedish provinces

Click here to take the quiz!

General Stats

  • This quiz has been taken 452 times
  • The average score is 11 of 21

Answers on the Map

Answers color-coded by a green-red scale on the quiz's map according to % correct below.
 

Answer Stats

Provinces% Correct
Stockholm
89%
Gotland
81%
Skåne
74%
Norrbotten
60%
Uppsala
56%
Blekinge
54%
Kalmar
54%
Halland
53%
Dalarna
51%
Västerbotten
49%
Jönköping
48%
Jämtland
47%
Värmland
46%
Östergötland
43%
Örebro
42%
Södermanland
40%
Västra Götaland
40%
Västmanland
36%
Västernorrland
35%
Gävleborg
34%
Kronoberg
33%

Score Distribution

Percentile by Number Answered

Percent of People with Each Score

Your Score History

You have not taken this quiz